LIBRARY & INFORMATION CENTRE, KCAET, TAVANUR

ONLINE PUBLIC ACCESS CATALOGUE (OPAC)

Basic English Usage (Record no. 14195)

MARC details
000 -LEADER
fixed length control field 00280nam a22001217a 4500
020 ## - INTERNATIONAL STANDARD BOOK NUMBER
ISBN 9780195667448
082 ## - DEWEY DECIMAL CLASSIFICATION NUMBER
Classification number 425
Item number SWA/BA
100 ## - MAIN ENTRY--AUTHOR NAME
Personal name Swan, Michael
245 ## - TITLE STATEMENT
Title Basic English Usage
260 ## - PUBLICATION, DISTRIBUTION, ETC. (IMPRINT)
Place of publication New Delhi
Name of publisher Oxford University Press
Year of publication 2012
300 ## - PHYSICAL DESCRIPTION
Number of Pages 288
942 ## - ADDED ENTRY ELEMENTS (KOHA)
Koha item type Books
Holdings
Withdrawn status Lost status Damaged status Collection code Home library Current library Shelving location Date acquired Source of acquisition Cost, normal purchase price Full call number Accession Number Koha item type
        KAUAET KAUAET General Stacks 03/06/2016 Cosmo Book House, Calicut 130.00 425 SWA/BA 24151 Books
        KAUAET KAUAET General Stacks 03/06/2016 Cosmo Book House, Calicut 130.00 425 SWA/BA 24152 Books
        KAUAET KAUAET General Stacks 03/06/2016 Cosmo Book House, Calicut 130.00 425 SWA/BA 24153 Books
        KAUAET KAUAET General Stacks 03/06/2016 Cosmo Book House, Calicut 130.00 425 SWA/BA 24154 Books
        KAUAET KAUAET General Stacks 03/06/2016 Cosmo Book House, Calicut 130.00 425 SWA/BA 24155 Books
free website counter